<?xml version='1.0' encoding='UTF-8'?>
  <record xmlns="http://www.loc.gov/MARC21/slim">
    <leader>00000cam a2200000 i 4500</leader>
    <controlfield tag="001">ocm68606320</controlfield>
    <controlfield tag="003">OCoLC</controlfield>
    <controlfield tag="005">20250617060300.6</controlfield>
    <controlfield tag="008">970327s1785    it a          000 0 fre d</controlfield>
    <datafield tag="040" ind1=" " ind2=" ">
      <subfield code="a">NLGGC</subfield>
      <subfield code="b">dut</subfield>
      <subfield code="e">fobidrtb</subfield>
      <subfield code="c">NLGGC</subfield>
      <subfield code="d">DEBBG</subfield>
      <subfield code="d">OCLCQ</subfield>
      <subfield code="d">OCLCO</subfield>
      <subfield code="d">OCLCQ</subfield>
      <subfield code="d">OCLCL</subfield>
      <subfield code="d">OCLCA</subfield>
      <subfield code="d">OCLCQ</subfield>
      <subfield code="d">OCLCL</subfield>
    </datafield>
    <datafield tag="029" ind1="0" ind2=" ">
      <subfield code="a">NLGGC</subfield>
      <subfield code="b">15691977X</subfield>
    </datafield>
    <datafield tag="029" ind1="1" ind2=" ">
      <subfield code="a">DEBBG</subfield>
      <subfield code="b">BV006158872</subfield>
    </datafield>
    <datafield tag="029" ind1="1" ind2=" ">
      <subfield code="a">GEBAY</subfield>
      <subfield code="b">1801763</subfield>
    </datafield>
    <datafield tag="035" ind1=" " ind2=" ">
      <subfield code="a">(OCoLC)68606320</subfield>
    </datafield>
    <datafield tag="082" ind1="0" ind2="4">
      <subfield code="a">720.92</subfield>
      <subfield code="q">OCoLC</subfield>
      <subfield code="1">https://id.oclc.org/worldcat/ddc/E3Q7rFVQ9GqPYgrmFQ9P6Kb8ym</subfield>
    </datafield>
    <datafield tag="084" ind1=" " ind2=" ">
      <subfield code="a">6,12</subfield>
      <subfield code="2">ssgn</subfield>
    </datafield>
    <datafield tag="100" ind1="1" ind2=" ">
      <subfield code="a">Palladio, Andrea,</subfield>
      <subfield code="d">1508-1580.</subfield>
      <subfield code="1">https://id.oclc.org/worldcat/entity/E39PBJhdbGcwg6MqgHyqwyK68C</subfield>
    </datafield>
    <datafield tag="245" ind1="1" ind2="4">
      <subfield code="a">Les thermes des Romains /</subfield>
      <subfield code="c">dessinées par André Palladio ; et publ. de nouveau avec quelques observations par Octave Bertotti Scamozzi d'après l'exemplaire du lord comte de Burlingthon, imprimé à Londres en 1732.</subfield>
    </datafield>
    <datafield tag="260" ind1=" " ind2=" ">
      <subfield code="a">Vicence :</subfield>
      <subfield code="b">Chez François Modena,</subfield>
      <subfield code="c">1785.</subfield>
    </datafield>
    <datafield tag="300" ind1=" " ind2=" ">
      <subfield code="a">35, XXV p. :</subfield>
      <subfield code="b">ill. ;</subfield>
      <subfield code="c">49 cm</subfield>
    </datafield>
    <datafield tag="600" ind1="1" ind2="7">
      <subfield code="a">Bertotti Scamozzi, Ottavio</subfield>
      <subfield code="d">1719-1790</subfield>
      <subfield code="2">gnd</subfield>
    </datafield>
    <datafield tag="600" ind1="1" ind2="7">
      <subfield code="a">Palladio, Andrea</subfield>
      <subfield code="d">1508-1580</subfield>
      <subfield code="2">gnd</subfield>
    </datafield>
    <datafield tag="650" ind1=" " ind2="7">
      <subfield code="a">Thermen</subfield>
      <subfield code="2">gnd</subfield>
    </datafield>
    <datafield tag="650" ind1=" " ind2="7">
      <subfield code="a">Zeichnung</subfield>
      <subfield code="2">gnd</subfield>
    </datafield>
    <datafield tag="651" ind1=" " ind2="7">
      <subfield code="a">Agrippathermen</subfield>
      <subfield code="g">Rom</subfield>
      <subfield code="2">gnd</subfield>
    </datafield>
    <datafield tag="651" ind1=" " ind2="7">
      <subfield code="a">Caracalla-Thermen</subfield>
      <subfield code="g">Rom</subfield>
      <subfield code="2">gnd</subfield>
    </datafield>
    <datafield tag="651" ind1=" " ind2="7">
      <subfield code="a">Diokletiansthermen</subfield>
      <subfield code="g">Rom</subfield>
      <subfield code="2">gnd</subfield>
    </datafield>
    <datafield tag="651" ind1=" " ind2="7">
      <subfield code="a">Rom</subfield>
      <subfield code="2">gnd</subfield>
    </datafield>
    <datafield tag="651" ind1=" " ind2="7">
      <subfield code="a">Thermen des Nero</subfield>
      <subfield code="g">Rom</subfield>
      <subfield code="2">gnd</subfield>
    </datafield>
    <datafield tag="651" ind1=" " ind2="7">
      <subfield code="a">Thermen des Titus</subfield>
      <subfield code="g">Rom</subfield>
      <subfield code="2">gnd</subfield>
    </datafield>
    <datafield tag="655" ind1=" " ind2="4">
      <subfield code="a">Schrifttum.</subfield>
    </datafield>
    <datafield tag="700" ind1="1" ind2=" ">
      <subfield code="a">Bertotti Scamozzi, Ottavio,</subfield>
      <subfield code="d">1719-1790.</subfield>
      <subfield code="1">https://id.oclc.org/worldcat/entity/E39PBJcKGdrGbpTrKpQw8CcpT3</subfield>
    </datafield>
    <datafield tag="700" ind1="1" ind2=" ">
      <subfield code="a">Burlington, Richard Boyle,</subfield>
      <subfield code="c">3rd earl of,</subfield>
      <subfield code="d">1695-1753.</subfield>
      <subfield code="1">https://id.oclc.org/worldcat/entity/E39PBJxGYY6fqHdhghfRrTfg8C</subfield>
    </datafield>
    <datafield tag="758" ind1=" " ind2=" ">
      <subfield code="a">Les thermes des romains (Text)</subfield>
      <subfield code="1">https://id.oclc.org/worldcat/entity/E39PCGxypwjVjvx8j7kp6mVQYK</subfield>
      <subfield code="4">https://id.oclc.org/worldcat/ontology/hasWork</subfield>
    </datafield>
    <datafield tag="936" ind1=" " ind2=" ">
      <subfield code="a">BATCHLOAD</subfield>
    </datafield>
  </record>